000 00299 a2200133 4500
000 nam a22 7a 4500
100 _aKhanna, Kavita
110 _aKhanna, Kavita
245 _aKuby Immunology
250 _aLatest edition
260 _bMedTech
_c2026
264 _bMedTech
_c2026
942 _cBK
999 _c396794
_d396794